000 00542nam a2200181Ia 4500
005 20250326141935.0
008 250326s9999 xx 000 0 und d
037 _aTextbook
040 _aFMSL
_beng
_cFMSL
041 _aeng
_2eng
084 _aX:321:(SNI) M4
_qFMSL
100 _aLoudon David L
245 0 _aConsumer behavior :concept and applications
_cLoudon David L; Della Bitta A J
260 _aNew York
_bNew York, McGraw Hill
_c1984
300 _a746p
942 _cTB
_hX:321:(SNI) M4
999 _c1292705
_d1292705